[Event "JPN-ch (Women)"]
[Site "Tokyo"]
[Date "2022.08.21"]
[Round "6"]
[White "Takayasu, Melody"]
[Black "Ishizuka, Mirai"]
[Result "1-0"]
[WhiteElo "1666"]
[BlackElo "1719"]
[PlyCount "49"]
[EventDate "2022.08.20"]
[EventType "swiss"]
[EventRounds "6"]
[EventCountry "JPN"]
[SourceTitle "CBM 210 Extra"]
[Source "ChessBase"]
[SourceDate "2022.11.30"]
[SourceVersion "1"]
[SourceVersionDate "2022.11.30"]
[SourceQuality "1"]

1. e4 c5 2. f4 Nc6 3. Nf3 d6 4. Nc3 e5 5. d3 Nf6 6. Be2 Be7 7. 0-0 0-0 8. h3 a6 9. Nd5 Nxd5 10. exd5 Nd4 11. c3 Nxf3+ 12. Bxf3 Qc7 13. c4 Bd7 14. b3 Bf6 15. Bb2 g6 16. Be4 Bg7 17. f5 Qd8 18. Qe2 g5 19. f6 Bxf6 20. Qh5 Re8 21. Rf2 Bg7 22. Bxh7+ Kh8 23. Bg6+ Kg8 24. Bxf7+ Kf8 25. Bxe8+ 1-0

[Event "Online Olym Div3 A"]
[Site "Chess.com INT"]
[Date "2021.08.27"]
[Round "1.4"]
[White "Takayasu, Melody"]
[Black "Sewak, Aarti"]
[Result "1/2-1/2"]
[WhiteElo "1692"]
[BlackElo "1412"]
[PlyCount "101"]
[EventDate "2021.08.27"]
[EventType "team-tourn (rapid)"]
[EventRounds "9"]
[EventCountry "USA"]
[SourceTitle "CBM 204 Extra"]
[Source "ChessBase"]
[SourceDate "2021.11.30"]
[SourceVersion "1"]
[SourceVersionDate "2021.11.30"]
[SourceQuality "1"]
[WhiteTeam "Japan"]
[BlackTeam "Fiji"]
[WhiteTeamCountry "JPN"]
[BlackTeamCountry "FIJ"]

1. e4 b6 2. d4 Bb7 3. Bd3 e6 4. Nf3 c5 5. c3 Nf6 6. Bg5 Be7 7. Nbd2 a6 8. 0-0 d6 9. Re1 Qc7 10. h3 Nbd7 11. Rc1 h6 12. Bf4 g5 13. Bg3 g4 14. hxg4 Nxg4 15. Qe2 h5 16. d5 b5 17. dxe6 fxe6 18. e5 0-0-0 19. exd6 Bxd6 20. Bxd6 Qxd6 21. Ne4 Qc6 22. Neg5 Rde8 23. Be4 Qb6 24. Bxb7+ Qxb7 25. Qe4 Qb6 26. Nf7 Rhf8 27. N7g5 e5 28. Rcd1 c4 29. Re2 Nc5 30. Qa8+ Kc7 31. Qd5 Rd8 32. Qxc5+ Qxc5 33. Ne6+ Kc6 34. Rxd8 Rxd8 35. Nxc5 Kxc5 36. Rd2 Rf8 37. Kf1 a5 38. Ke2 b4 39. cxb4+ axb4 40. Rd7 Rf4 41. Rh7 Rf5 42. Rc7+ Kd6 43. Rc8 Kd5 44. Rd8+ Kc5 45. Rc8+ Kb5 46. Rb8+ Kc5 47. Rc8+ Kb5 48. Rb8+ Ka5 49. Ra8+ Kb6 50. Rb8+ Kc5 51. Rc8+ 1/2-1/2